África a través del pensamiento español : (Registro nro. 64325)
[ vista simple ]
| 000 -LEADER | |
|---|---|
| campo de control de longitud fija | 00856nam a2200217 i 4500 |
| 001 - NÚMERO DE CONTROL | |
| campo de control | 64325 |
| 003 - IDENTIFICADOR DE NÚMERO DE CONTROL | |
| campo de control | ES-MaACL |
| 005 - FECHA Y HORA DE LA ÚLTIMA TRANSACCIÓN | |
| campo de control | 20260219165328.0 |
| 007 - CAMPO FIJO DE DESCRIPCIÓN FÍSICA--INFORMACIÓN GENERAL | |
| campo de control de longitud fija | t| |
| 008 - DATOS DE LONGITUD FIJA--INFORMACIÓN GENERAL | |
| campo de control de longitud fija | 031223s1949 sp ||||1| spa d |
| 100 1# - ENTRADA PRINCIPAL--NOMBRE DE PERSONA | |
| Nombre de persona | Flores Morales, Angel. |
| 9 (RLIN) | 51292 |
| 245 10 - MENCIÓN DEL TÍTULO | |
| Título | África a través del pensamiento español : |
| Resto del título | (de Isabel la Católica a Franco) / |
| Mención de responsabilidad, etc. | Ángel Flores Morales ; prólogo de José Díaz de Villegas. |
| 260 ## - PUBLICACIÓN, DISTRIBUCIÓN, ETC. | |
| Lugar de publicación, distribución, etc. | Madrid : |
| Nombre del editor, distribuidor, etc. | Consejo Superior de Investigaciones Científicas, Instituto de Estudios Africanos, |
| Fecha de publicación, distribución, etc. | 1949 ( |
| Fabricante | Ares) |
| 300 ## - DESCRIPCIÓN FÍSICA | |
| Extensión | 235 p., [12] h. de lám. : |
| Otras características físicas | il. ; |
| Dimensiones | 24 cm. |
| 651 #7 - PUNTO DE ACCESO ADICIONAL DE MATERIA--NOMBRE GEOGRÁFICO | |
| Nombre geográfico | España- |
| Subdivisión general | Colonias- |
| Subdivisión geográfica | África |
| Fuente del encabezamiento o término | |
| 9 (RLIN) | 172189 |
| 700 1# - ENTRADA AGREGADA--NOMBRE PERSONAL | |
| Nombre de persona | Díaz de Villegas, José, |
| Fechas asociadas al nombre | 1894-1968 |
| 9 (RLIN) | 44253 |
| 710 2# - ENTRADA AGREGADA--NOMBRE DE ENTIDAD CORPORATIVA | |
| Nombre de entidad corporativa o nombre de jurisdicción como elemento de entrada | Instituto de Estudios Africanos. |
| 9 (RLIN) | 4881 |
| 852 ## - LOCALIZACIÓN | |
| Ubicación | ES-MaACL |
| Número de control de estantería | A-181 |
| 852 ## - LOCALIZACIÓN | |
| Ubicación | ES-MaACL |
| Número de control de estantería | D-7308 |
| Estatus retirado | Estado de pérdida | Estado de daño | No para préstamo | Biblioteca de origen | Biblioteca actual | Ubicación en estantería | Fecha de adquisición | Fuente de adquisición | Total de préstamos | Signatura topográfica completa | Código de barras | Visto por última vez | Precio de reemplazo | Tipo de ítem Koha |
|---|---|---|---|---|---|---|---|---|---|---|---|---|---|---|
| Biblioteca del Ateneo de Madrid | Biblioteca del Ateneo de Madrid | Sala Valle Inclán | 17/01/2008 | D-7308 | 901067407 | 23/02/2023 | 23/02/2023 | Libro impreso | ||||||
| Biblioteca del Ateneo de Madrid | Biblioteca del Ateneo de Madrid | Sala Pecera Planta 1 | 17/01/2008 | A-181 | 1067406 | 23/02/2023 | 23/02/2023 | Libro impreso |
